Géographie Européenne - Décodeur - Statistiques

Statistiques générales
  • Ce quiz a été pris 133 fois
    76 depuis la dernière actualisation
  • Le résultat moyen est 26 sur 36
Statistiques - réponses
Indice Lettre Indice Réponse % Correct
Indice R Capitale de l’Italie. Rome
100%
Indice I État insulaire de l’Atlantique nord associé à la Saint-Patrick. Irlande
98%
Indice A Chaîne de montagnes d’Europe occidentale entre France, Suisse et Italie. Les {Alpes}
98%
Indice N Mer reliant la Manche à la Scandinavie. Mer du {Nord}
98%
Indice H Pays d’Europe centrale dont la capitale est Budapest. Hongrie
97%
Indice S État européen neutre depuis le XIXᵉ siècle. Suisse
97%
Indice A Ancienne région française disputée entre la France et l’Allemagne lors de plusieurs conflits. Alsace
95%
Indice D Pays scandinave abritant la Petite Sirène. Danemark
95%
Indice O Capitale de la Norvège. Oslo
90%
Indice S Grande île italienne dominée par le volcan Etna. Sicile
90%
Indice E Nation constitutive du Royaume-Uni, au nord de l’Angleterre. Ecosse
89%
Indice P Ville italienne ensevelie par l’éruption du Vésuve en 79 après J.-C. Pompéi
89%
Indice R Pays le plus vaste du monde, traversé par le fleuve Volga et la Sibérie. Russie
89%
Indice M Plus haut sommet d’Europe occidentale. {Mont} {Blanc}
87%
Indice F Pays nordique où l’on peut rencontrer le Père Noël à Rovaniemi. Finlande
85%
Indice O Montagne mythique de Grèce, demeure des dieux. Mont {Olympe}
85%
Indice U Deuxième plus vaste pays d’Europe, patrie du bortsch. Ukraine
85%
Indice R Fleuve traversant des villes comme Bâle, Cologne et Strasbourg. Rhin
84%
Indice P Capitale de la République tchèque. Prague
82%
Indice I Cité turque située sur deux continents. Istanbul
81%
Indice Q Quartier célèbre d’Amsterdam connu pour ses vitrines et sa vie nocturne. {Quartier} {Rouge}
77%
Indice R Pays d’Europe de l’Est dirigé par le dictateur Nicolae Ceaușescu jusqu’en 1989. Roumanie
77%
Indice E Île où Napoléon Bonaparte a été exilé en 1814. Île d'{Elbe}
76%
Indice D Fleuve majeur d’Europe traversant Vienne, Budapest et Belgrade. Danube
71%
Indice E Mer où se trouvent les îles de Crète, Rhodes et les Cyclades. Mer {Egée}
69%
Indice R Capitale la plus septentrionale du monde. Reykjavik
69%
Indice P Ma devise est « Fluctuat nec mergitur ». Paris
68%
Indice N Ville historique de Campanie chère à Diego Maradona. Naples
66%
Indice L Plus grand lac d'Europe occidentale. Lac Léman
61%
Indice E Pays où l’on peut visiter le parc national de Lahemaa. Estonie
35%
Indice D Cathédrale gothique située au cœur de Milan, en Italie {Dôme} de Milan
32%
Indice U Métropole néerlandaise traversée par le canal Oudegracht. Utrecht
32%
Indice N Mon surnom est la "Rome française". Nîmes
29%
Citation {Quand} {Paris} {s'enrhume}, {l'Europe} {prend} {froid}.
24%
Indice U Ville italienne du Frioul, proche de la frontière avec la Slovénie. Udine
16%
Indice E Ville industrielle d’Allemagne, marquée par son passé minier et sidérurgique. Essen
13%
Aucun quiz correspondant
Distribution des résultats
% des personnes avec chaque résultat
Percentile par nombre de réponses
Votre historique - résultats
Vous n’avez pas pris ce quiz depuis la dernière actualisation